Kỹ thuật chế biến lương thực. Tập 1

Na minha lista:
Detalhes bibliográficos
Formato: Sách
Idioma:Undetermined
Publicado em:  Khoa học và Kỹ thuật  2009
Assuntos:
Tags: Adicionar Tag
Sem tags, seja o primeiro a adicionar uma tag!
Thư viện lưu trữ: Trung tâm Thư viện - Trường Đại học Công nghiệp TP. Hồ Chí Minh
LEADER 00502nam a2200133Ia 4500
001 UIH_04770
008 231011s9999 xx 000 0 und d
082 |a  664.02 
245 0 |a  Kỹ thuật chế biến lương thực. Tập 1 
260 |b  Khoa học và Kỹ thuật 
260 |c  2009 
650 |a  Công nghệ thực phẩm; Công nghệ chế biến;  
927 |a Sách 
980 |a Trung tâm Thư viện - Trường Đại học Công nghiệp TP. Hồ Chí Minh